| 000 | 00450cam a2200157 4500 | ||
|---|---|---|---|
| 001 | 1892 | ||
| 005 | 20181127164152.0 | ||
| 008 | 730109s1961 nyua 000 0 eng | ||
| 010 | _a 61006226 | ||
| 100 | 1 |
_aNiven, Ivan Morton, _d1915- |
|
| 245 | 1 | 0 |
_aNumbers: rational and irrational / _cIvan Niven. |
| 260 |
_aNew York : _bRandom House, _c1961. |
||
| 300 |
_a136 p. : _bill ; _c23 cm. |
||
| 440 | 0 |
_aNew mathematical library, _v1 |
|
| 650 | 0 | _aNumbers, Real. | |
| 999 |
_c1453 _d1453 |
||